| 000 | 00395nam a22001697a 4500 | ||
|---|---|---|---|
| 003 | NUST | ||
| 020 | _a0074632981 | ||
| 038 | _akhadija | ||
| 082 | _a620 NAY | ||
| 100 |
_aNayar, Alok. _981242 |
||
| 245 |
_aThe Steel Handbook/ _c Alok Nayar. |
||
| 260 |
_aNew Delhi: _bTata McGraw Hil, _c2007. |
||
| 300 |
_a978p. ; _b26 cm. |
||
| 500 | _aHardcover. | ||
| 563 | _ahard cover | ||
| 942 |
_cBK _2ddc |
||
| 999 |
_c32648 _d32648 |
||